Sports Quiz

Random Sports or Basketball Quiz

Name the NCAA Basketball Conference Quiz Stats

 Plays Quiz not verified by Sporcle

Also try: Don't Get Blocked!
Challenge
Share
Tweet
Embed
Score 0/32 Timer 14:00
0 Plays Today
% Correct
Big Ten
92.7%
Ivy League
92.7%
Pacific-12
92.7%
Big 12
90.2%
Atlantic Coast
89%
Southeastern
89%
Big East
85.4%
The American
80.5%
Mountain West
80.5%
Mid-American
76.8%
Patriot League
69.5%
West Coast
69.5%
Conference USA
68.3%
Missouri Valley
65.9%
Atlantic 10
63.4%
Sun Belt
62.2%
% Correct
America East
59.8%
Ohio Valley
59.8%
Atlantic Sun
58.5%
Horizon League
57.3%
Southwestern Athletic
57.3%
Colonial Athletic
54.9%
Northeast
54.9%
Big Sky
53.7%
Mid-Eastern Athletic
53.7%
Big West
53.7%
Southland
51.2%
Metro Atlantic Athletic
50%
Western Athletic
46.3%
Big South
42.7%
Summit League
42.7%
Southern
39%

You're not logged in!

Compare scores with friends on all Sporcle quizzes.
Join for Free
OR
Log In

You Might Also Like...

Show Comments

Extras

Top Quizzes Today


Score Distribution

Your Account Isn't Verified!

In order to create a playlist on Sporcle, you need to verify the email address you used during registration. Go to your Sporcle Settings to finish the process.

Report this User

Report this user for behavior that violates our Community Guidelines.

Details: